书目信息 |
| 题名: |
珠江三角洲城市生态建设与可持续发展战略
|
|
| 作者: | 刘明清 , 蒋纯才 , 蔡亲颜 著 | |
| 分册: | ||
| 出版信息: | 北京 中国环境科学出版社 2007.11 |
|
| 页数: | 197页, [2] 叶图版 | |
| 开本: | 21cm | |
| 丛书名: | ||
| 单 册: | ||
| 中图分类: | X321.6 | |
| 科图分类: | ||
| 主题词: | ||
| 电子资源: | ||
| ISBN: | 978-7-80209-635-6 | |
| 000 | 01117nam0 2200265 450 | |
| 001 | 012008262167 | |
| 005 | 20080424152146.26 | |
| 010 | @a978-7-80209-635-6@dCNY20.00 | |
| 100 | @a20080424d2007 em y0chiy0120 ea | |
| 101 | 0 | @achi |
| 102 | @aCN@b110000 | |
| 105 | @aaf a 000yy | |
| 106 | @ar | |
| 200 | 1 | @a珠江三角洲城市生态建设与可持续发展战略@Azhu jiang san jiao zhou cheng shi sheng tai jian she yu ke chi xu fa zhan zhan lue@f刘明清, 蒋纯才, 蔡亲颜著@Fliu ming qing,jiang chun cai,cai qin yan zhu |
| 210 | @a北京@c中国环境科学出版社@d2007.11 | |
| 215 | @a197页, [2] 叶图版@c图@d21cm | |
| 320 | @a有书目 (第195-197页) | |
| 330 | @a本书系统阐述城市发展的模式—可持续发展和城市发展的目标—生态城市之间的本质联系和关系,指出珠江三角洲要实现可持续发展,必须建设生态城市——结构合理,功能高效,关系协调。 | |
| 607 | @a珠江三角洲@Azhu jiang san jiao zhou@x城市环境@x生态环境@x城市建设@x研究 | |
| 690 | @aX321.6@v4 | |
| 701 | 0 | @a刘明清@Aliu ming qing@4著 |
| 701 | 0 | @a蒋纯才@Ajiang chun cai@4著 |
| 701 | 0 | @a蔡亲颜@Acai qin yan@4著 |
| 801 | 0 | @aCN@bQSSK@c20080424 |
| 905 | @b297740-42@dX321.6@eL655@f3 | |
| 珠江三角洲城市生态建设与可持续发展战略/刘明清, 蒋纯才, 蔡亲颜著.-北京:中国环境科学出版社,2007.11 |
| 197页, [2] 叶图版:图;21cm |
| ISBN 978-7-80209-635-6:CNY20.00 |
| 本书系统阐述城市发展的模式—可持续发展和城市发展的目标—生态城市之间的本质联系和关系,指出珠江三角洲要实现可持续发展,必须建设生态城市——结构合理,功能高效,关系协调。 |
| ● |
| 相关链接 |
|
|
|
正题名:珠江三角洲城市生态建设与可持续发展战略
索取号:X321.6/L655
 
预约/预借
| 序号 | 登录号 | 条形码 | 馆藏地/架位号 | 状态 | 备注 |
| 1 | 297740 | 202977403 | 自科二线504/504自科库 12排4列4层/ [索取号:X321.6/L655] | 在馆 | |
| 2 | 297741 | 202977412 | 自科二线504/504自科库 13排1列5层/ [索取号:X321.6/L655] | 在馆 | |
| 3 | 297742 | 202977421 | 自科二线504/504自科库 12排4列4层/ [索取号:X321.6/L655] | 在馆 |